000 00779nam a22002417a 4500
999 _c108853
_d108853
005 20200528145852.0
010 _aA-391743
020 _c50.00
035 _aA-391743
037 _bCen Lib/Ret
082 _a954.0841
100 _aمجیب اشرف
245 _aجدید ہندی کے سیکولر معمار /
_cمجیب اشرف
246 _aJadeed hindi ke secular maimar /
_bby Mujeeb Ashraf
260 _aنیی دہلی
_bمکتبہ جامہ لمیٹڈ
_c1989 ء
270 _bنیی دہلی
_aجامہ نگر
_e110025
300 _a256p.
_c21cm(Hb)
650 _aادب ہندی
650 _aہندی سیکولر -- معمار
650 _aHindi literaure
650 _aHindi secular
942 _2ddc
_cUR
_h954.0841
_mم ج ی